Kuukaudet - Statistics

Yleistilastot
  • Tätä visaa on pelattu 392 kertaa
  • Keskiarvotulos 7 / 12
Vastaustilastot
Kuukaudet Vastaus % Oikein
Silloin on pakkaslunta Tammikuu
93%
Hiihtolomaa!!! Helmikuu
88%
Kirkas aurinko Maaliskuu
81%
Pääsiäinen Huhtikuu
75%
Vappu Toukokuu
65%
Kesäloma!! Kesäkuu
64%
Kuumaa Heinäkuu
44%
Koulut alkavat yleensä Elokuu
38%
"Kop kop kop" kuuluu ovelta Joulukuu
37%
Sataa... Syyskuu
32%
Syysloma Lokakuu
31%
Pimeät yöt tulevat Marraskuu
27%
Ehtoja vastaavia visoja ei löytynyt
Tulosjakauma
Jokaisen tuloksen saaneiden osuus
Persentiili vastausten määrän mukaan
Tuloshistoriasi
Et ole pelannut tätä visaa